<?xml version="1.0" encoding="UTF-8"?><?xml-stylesheet type="text/xsl" href="static/style.xsl"?><OAI-PMH xmlns="http://www.openarchives.org/OAI/2.0/" xmlns:xsi="http://www.w3.org/2001/XMLSchema-instance" xsi:schemaLocation="http://www.openarchives.org/OAI/2.0/ http://www.openarchives.org/OAI/2.0/OAI-PMH.xsd"><responseDate>2026-04-13T02:39:02Z</responseDate><request verb="GetRecord" identifier="oai:www.recercat.cat:2117/79375" metadataPrefix="marc">https://recercat.cat/oai/request</request><GetRecord><record><header><identifier>oai:recercat.cat:2117/79375</identifier><datestamp>2026-01-27T01:28:57Z</datestamp><setSpec>com_2072_1033</setSpec><setSpec>col_2072_452949</setSpec></header><metadata><record xmlns="http://www.loc.gov/MARC21/slim" xmlns:dcterms="http://purl.org/dc/terms/" xmlns:xsi="http://www.w3.org/2001/XMLSchema-instance" xmlns:doc="http://www.lyncode.com/xoai" xsi:schemaLocation="http://www.loc.gov/MARC21/slim http://www.loc.gov/standards/marcxml/schema/MARC21slim.xsd">
   <leader>00925njm 22002777a 4500</leader>
   <datafield ind2=" " ind1=" " tag="042">
      <subfield code="a">dc</subfield>
   </datafield>
   <datafield ind2=" " ind1=" " tag="720">
      <subfield code="a">Jin, Kwang-seon</subfield>
      <subfield code="e">author</subfield>
   </datafield>
   <datafield ind2=" " ind1=" " tag="260">
      <subfield code="c">2015-06</subfield>
   </datafield>
   <datafield ind2=" " ind1=" " tag="520">
      <subfield code="a">Después de la revolución industrial, las ciudad se han crecido y expansionado por el aumento de la población de la ciudad, y el carácter de la ciudad contemporánea, que es gigante y funcional, es no-lugares*. No lugar es un lugar que tiene un carácter en contrario de los lugares antropológicos, es decir, es un lugar que se ha perdido las características del lugar en el sentido de antropológico.&#xd;
Si los no lugares son las características de la sociedad contemporánea, también existen los características que representan la sociedad tradicional que es al revés de la sociedad contemporánea. Uno de estas características de la sociedad tradicional es la flexibilidad. En el proceso de la modernización de la ciudad, la flexibilidad se ha desaparecido, en contrario, los no lugares se han aumentado.&#xd;
Los espacios abandonados, que están localizada dentro de la ciudad como unas islas aisladas, tienen relaciones estrechas con los no lugares de la ciudad contemporánea. Los abandonamiento de estos espacios abandonados se han procesado con la aparencia de los no lugares en la ciudad, y la desaparición de la flexibilidad de la ciudad.&#xd;
Seoul es una ciudad que se aparecen muy bien las características de no lugares con su rápida modernización. En este articulo, analizamos la relación entre la aparencia de los no lugares y la desaparición de la flexibilidad en la ciudad en torno a los espacios abandonados dentro de la ciudad Seoul. Con este relación resultado del análisis, analizamos los problemas de la rápida modernización de la ciudad Seoul. Al fin, buscamos el modo de recuperar la flexibilidad de la ciudad con la regeneración de los espacios abandonados.</subfield>
   </datafield>
   <datafield ind2=" " ind1=" " tag="520">
      <subfield code="a">After the industrial revolution, the city has been bigger to accept the people who gathered in city, and the representative carácter of the contemporary city, which has been bigger and more funtional, was non-place. Non-places are places that has a different carácter with the place of antropological meaning, it means the place which has lost its carácter as a place in the meaning of antropological.&#xd;
If the non-place is a carácter of the contemporary city, there is a carácter of a traditional society that is as opposed to the contemporary city. That is a flexibility of the traditional city. In process of the modernization, these caracters of the traditional city has dissapeared, instead, the non-places are increased.&#xd;
The abandoned spaces, which are isolated like an island inside of the city, are related to the non-places closely. The abandonment of these spaces has been proceeded with the appearance of the non-places, and with the disappearance of the flexibility.&#xd;
Seoul is a city that apears very well of the caracters of non-places. In this article, we analize the relation between the apearance of non-places and the disappearance of the flexibility around with the abandoned spaces inside of the city. With this relation resulted from the análisis, we will analize the problems of the rapid modernization of the city of Seoul. For fin, we will find the way of recover the flexibility of the city with the urban regeneration of the abandoned spaces.</subfield>
   </datafield>
   <datafield tag="653" ind2=" " ind1=" ">
      <subfield code="a">Àrees temàtiques de la UPC::Urbanisme::Planejament urbà</subfield>
   </datafield>
   <datafield tag="653" ind2=" " ind1=" ">
      <subfield code="a">Sociology, Urban -- Korea -- Seoul</subfield>
   </datafield>
   <datafield tag="653" ind2=" " ind1=" ">
      <subfield code="a">Cities and towns -- Korea -- Seoul -- Growth</subfield>
   </datafield>
   <datafield tag="653" ind2=" " ind1=" ">
      <subfield code="a">Espacio abandonado</subfield>
   </datafield>
   <datafield tag="653" ind2=" " ind1=" ">
      <subfield code="a">No lugar</subfield>
   </datafield>
   <datafield tag="653" ind2=" " ind1=" ">
      <subfield code="a">Flexibilidad</subfield>
   </datafield>
   <datafield tag="653" ind2=" " ind1=" ">
      <subfield code="a">Modernizacion</subfield>
   </datafield>
   <datafield tag="653" ind2=" " ind1=" ">
      <subfield code="a">Abandoned place</subfield>
   </datafield>
   <datafield tag="653" ind2=" " ind1=" ">
      <subfield code="a">Non-place</subfield>
   </datafield>
   <datafield tag="653" ind2=" " ind1=" ">
      <subfield code="a">Flexibility</subfield>
   </datafield>
   <datafield tag="653" ind2=" " ind1=" ">
      <subfield code="a">Modernization</subfield>
   </datafield>
   <datafield tag="653" ind2=" " ind1=" ">
      <subfield code="a">Sociologia urbana -- República de Corea -- Seül</subfield>
   </datafield>
   <datafield tag="653" ind2=" " ind1=" ">
      <subfield code="a">Desenvolupament urbà -- República de Corea -- Seül</subfield>
   </datafield>
   <datafield ind2="0" ind1="0" tag="245">
      <subfield code="a">Caleidoscopio de la ciudad: espacio abandonado de Seoul y su regeneración con la identidad perdida</subfield>
   </datafield>
</record></metadata></record></GetRecord></OAI-PMH>